02470cam a22003015i 4500999001700000001001000017003000900027005001700036008004100053020002500094040004500119082002200164245015700186264007900343300002900422336002600451337002800477338002700505504005100532520126500583650004501848651001001893653002701903700003501930700003201965942001201997952015902009 c21222d21194017486725EG-ScBUE20200203143313.0150706s2015 enk f b 001 0 eng d a9781501306860 (pbk.) aStDuBDSbengerdacStDuBDSdUkdEG-ScBUE04a809.9113bSUP22200aSupplanting the postmodern :ban anthology of writings on the arts and culture of the early 21st century /cedited by David Rudrum and Nicholas Stavris. 1aLondon ;a New York :bBloomsbury Academic / Bloomsbury Publishing,c2015. axxxi, 368 pages ;c24 cm atextbtxt2rdacontent aunmediatedbn2rdamedia avolumebnc2rdacarrier aIncludes bibliographical references and index. aFor more than a decade now a steadily growing chorus of voices has announced that the 'postmodern' literature, art, thought and culture of the late 20th century has come to an end. At the same time as this, the early years of the 21st century have seen a stream of critical formulations proclaiming a successor to postmodernism. Intriguing and exciting new terms such as 'modernism', 'performative', 'hypermodernism', 'antimodernism”, 'renewal', 'alter modernism', 'digimodernism' and 'metamodernism' have been coined, proposed and debated as terms for what comes after the postmodern. Supplanting the Postmodern is the first anthology to collect the key writings in these debates in one place. The book is divided into two parts: the first, 'The Sense of an Ending', presents a range of positions in the debate around the demise of the postmodern; the second, 'Coming to Terms with the New', presents representative writings from the new '–isms' mentioned above. Each of the entries is prefaced by a brief introduction by the editors, in which they outline its central ideas, point out the similarities and/or differences from other positions found in the anthology, and suggest possible strengths and limitations to the insights presented in each piece. 7aPostmodernism (Literature)2BUEsh939423 2BUEsh bHHUUEENNcFebruary20161 aRudrum, David,d1974-eeditor.1 aStavris, Nicholas,eeditor. 2ddccBB 00102ddc40708Anglo-EgypaMAINbMAINc2NDd2016-02-23ePurchaseg310.00h13707l0o809.9113 SUPp000031683r2025-07-15 00:00:00v388.00w2016-02-23yBB